000 00808cam a22001934a 4500
001 13887173
005 20260210060640.0
008 050302s2006 nyua b 001 0 eng
020 _a9780521574907
_q(pbk.)
082 _a306 BIC
100 1 _aBicchieri, Cristina
245 1 4 _aThe grammar of society :
_bthe nature and dynamics of social norms /
_cCristina Bicchieri.
260 _aNew York :
_bCambridge University Press,
_c2006.
300 _axvi, 260 p. :
_bill. ;
_c24 cm.
505 0 _aThe rules we live by -- Habits of the mind -- A taste for fairness -- Covenants without sword -- Informational cascades and unpopular norms -- The evolution of a fairness norm.
650 0 _aSocial norms.
856 4 1 _3Table of contents
_uhttp://www.loc.gov/catdir/toc/ecip059/2005006200.html
942 _2ddc
_cBK
999 _c112088
_d112088